Afro American history: (Record no. 201376)
[ view plain ]
| 000 -LEADER | |
|---|---|
| fixed length control field | 00822cam0a220025300 4500 |
| 001 - CONTROL NUMBER | |
| control field | lce00372470 |
| 008 - FIXED-LENGTH DATA ELEMENTS--GENERAL INFORMATION | |
| fixed length control field | 700217s1968 ilu b 000 0 eng |
| 010 ## - LIBRARY OF CONGRESS CONTROL NUMBER | |
| LC control number | 78002037 //r84 |
| 020 ## - INTERNATIONAL STANDARD BOOK NUMBER | |
| Terms of availability | 0.50 |
| 035 ## - SYSTEM CONTROL NUMBER | |
| System control number | (Sirsi) r30348 |
| 035 ## - SYSTEM CONTROL NUMBER | |
| System control number | (DLC) 78002037 //r84 |
| 035 ## - SYSTEM CONTROL NUMBER | |
| System control number | (UPRA)lce00372470 |
| 050 0# - LIBRARY OF CONGRESS CALL NUMBER | |
| Classification number | E185 |
| Item number | .W43 |
| 082 ## - DEWEY DECIMAL CLASSIFICATION NUMBER | |
| Classification number | 973 |
| 100 1# - MAIN ENTRY--PERSONAL NAME | |
| Personal name | Weinberg, Meyer, 1920- |
| Dates associated with a name | Weinberg, Meyer, 1920- |
| Linkage | A80314.1 |
| 245 10 - TITLE STATEMENT | |
| Title | Afro American history: |
| Remainder of title | separate or interracial? |
| 260 ## - PUBLICATION, DISTRIBUTION, ETC. | |
| Place of publication, distribution, etc. | [Chicago, |
| Name of publisher, distributor, etc. | Integrated Education Associates, |
| Date of publication, distribution, etc. | c1968] |
| 500 ## - GENERAL NOTE | |
| General note | Cover title. |
| 504 ## - BIBLIOGRAPHY, ETC. NOTE | |
| Bibliography, etc. note | Bibliography: p. 10-20. |
| 610 20 - SUBJECT ADDED ENTRY--CORPORATE NAME | |
| Corporate name or jurisdiction name as entry element | Alpha Kappa Alpha Sorority. |
| Linkage | S68165.1 |
| 650 #0 - SUBJECT ADDED ENTRY--TOPICAL TERM | |
| Topical term or geographic name entry element | Afro-Americans -- History. |
| General subdivision | Afro-Americans -- History. |
| Linkage | S290.2 |
| 949 ## - LOCAL PROCESSING INFORMATION (OCLC) | |
| a | E185 |
| w | lcc |
| i | -34111 |
| m | MAIN |
| t | BOOK |
| l | ON-SHELF |
No items available.